UBT Library

Basic business statistics : (Record no. 965)

000 -LEADER
fixed length control field 00635nam a22002177a 4500
008 - FIXED-LENGTH DATA ELEMENTS--GENERAL INFORMATION
fixed length control field 150602b xxu||||| |||| 00| 0 eng d
020 ## - INTERNATIONAL STANDARD BOOK NUMBER
International Standard Book Number 9780132168380
020 ## - INTERNATIONAL STANDARD BOOK NUMBER
International Standard Book Number 0132168383
041 0# - LANGUAGE CODE
Language code of text/sound track or separate title eng
080 ## - UNIVERSAL DECIMAL CLASSIFICATION NUMBER
Universal Decimal Classification number 33
100 1# - Rafti
Rafti Berenson, Mark L.
245 10 - TITLE STATEMENT
Title Basic business statistics :
Statement of responsibility, etc Mark L. Berenson, David M. Levine, Timothy C. Krehbiel.
250 ## -
-- 12th ed.
260 ## -
-- Boston :
-- Prentice Hall,
-- c2012.
300 ## -
-- 859 p. :
-- me il.;
-- 29 cm.
505 ## -
-- Index: f.850-859
650 #0 -
-- Statistika
700 1# -
-- Levine, David M.,
700 1# -
-- Krehbiel, Timothy C.
942 ## - ADDED ENTRY ELEMENTS (KOHA)
Source of classification or shelving scheme
Item type Books
Holdings
Withdrawn status Lost status Source of classification or shelving scheme Damaged status Not for loan Collection code Permanent location Current location Shelving location Date acquired Total Checkouts Full call number Date last seen Price effective from Koha item type
          Koleksioni i përgjithshem UBT - Prishtine UBT - Prishtine Koleksioni i përgjithshem 06/02/2015   33 TIM 06/02/2015 06/02/2015 Books
UBT Library © 2015-2024. All rights reserved University Education for Business and Technology